Medieval Europe by Picture - Statistics

General Stats
  • This quiz has been taken 1,346 times
  • The average score is 12 of 18
Answer Stats
Picture Hint Answer % Correct
type of soldier Knight
94%
plague Black Death
87%
city pre-1453 Constantinople
81%
empire Holy Roman Empire
80%
seafarers Vikings
80%
emperor Charlemagne
78%
war Hundred Years War
75%
invaders of England Normans
71%
religious branch Eastern Orthodox
67%
sought out relic Holy Grail
66%
series of wars Crusades
65%
social system Feudalism
61%
emperor Justinian
55%
warrior Joan of Arc
53%
kingdom Aragon
49%
building Tower of London
48%
public execution device Gallows
46%
architectural support Flying Buttress
20%
No matching quizzes found
Score Distribution
Percent of People with Each Score
Percentile by Number Answered
Your Score History
You have not taken this quiz